| 000 | 00362nam a2200133Ia 4500 | ||
|---|---|---|---|
| 005 | 20260326235455.0 | ||
| 008 | 260326s9999||||xx |||||||||||||| ||und|| | ||
| 100 | _aAlva MartÃnez, Ernesto | ||
| 245 | 0 |
_aDetalles de la Arquitectura Mexicana / _cErnesto Alva MartÃnez |
|
| 260 | _bLitoprocess | ||
| 300 | _a203 p. | ||
| 650 | _aARQUITECTURA REGIONAL | ||
| 942 | _cBK | ||
| 999 |
_c7915 _d7915 |
||